000 00685nam a22002417a 4500
001 75745
003 BD-RjUL
005 20211209082733.0
008 190626s2002 enk||||| |||| 001 0 eng d
020 _a000710927X
020 _a9780007650804
035 _a(BD-RjUL)75964
040 _aBD-RjUL
_beng
_cBD-RjUL
041 _aeng
082 _222
_a909
_bTIM 2002
245 0 3 _aThe Times compact history of the world /
_cedited by Geoffrey Parker.
250 _a3rd ed.
260 _aLondon :
_bGrafton,
_c2002.
300 _a192 pages :
_billustrations (some color), color maps ;
_c 26 cm.
500 _aIncludes index.
700 _aParker, Geoffrey
_9232052
942 _2ddc
_cBK
999 _c75745
_d75745